|
|
|
|
| LEADER |
00963pam a2200265 a 4500 |
| 008 |
880824s1989 ctu b 001 0 eng c |
| 010 |
|
|
|a 88027699
|
| 020 |
|
|
|a 0300043473(alk.paper)
|
| 060 |
|
|
|a WZ 100 F889MAA
|
| 082 |
0 |
0 |
|a 150.19
|2 19
|
| 100 |
1 |
|
|a Mahony, Patrick,
|
| 245 |
1 |
0 |
|a On defining Freud's discourse /
|c Patrick J. Mahony.
|
| 260 |
|
|
|a New Haven :
|b Yale University Press,
|c c1989.
|
| 300 |
|
|
|a viii, 104 p. ;
|c 22 cm.
|
| 500 |
|
|
|a Includes index.
|
| 504 |
|
|
|a Bibliography: p. 97-102.
|
| 600 |
1 |
0 |
|a Freud, Sigmund,
|d 1856-1939
|x Language.
|
| 600 |
1 |
2 |
|a Freud, Sigmund,
|d 1856-1939.
|
| 650 |
|
0 |
|a Psychoanalysis
|x Case studies.
|
| 650 |
|
2 |
|a Psychoanalysis
|x biography.
|
| 650 |
|
2 |
|a Writing
|x biography.
|
| 906 |
|
|
|a 7
|b cbc
|c orignew
|d 1
|e ocip
|f 19
|g y-gencatlg
|
| 942 |
|
|
|2 ddc
|c BK
|
| 999 |
|
|
|c 191403
|d 191403
|
| 952 |
|
|
|0 0
|1 0
|4 0
|6 150_190000000000000_MAH_O
|7 0
|9 211131
|a ENG
|b ENG
|c ST1
|d 2015-09-28
|i 14157
|l 0
|o 150.19 MAH/O
|p ENG14157
|r 2015-09-28
|w 2018-08-21
|y BK
|